| 000 | 00611nam a22001817a 4500 | ||
|---|---|---|---|
| 003 | NUST | ||
| 038 | _aMr. Zahoor | ||
| 082 | _a620.1 | ||
| 100 |
_aNaveed Akram _915424 |
||
| 245 |
_aNumerical Investigation of Effect of Breathing on Static Aerodynamic Characteristics of a Long Blunt-Nosed Body at Supersonic Speed / _cNaveed Akram |
||
| 260 |
_aIslamabad : _bSMME - NUST, _c2018. |
||
| 300 | _aill, 38 p. ; | ||
| 500 | _aHardcover. | ||
| 600 | _2Mechanical Engineering - MS Thesis | ||
| 700 |
_aDr Emad ud Din _916109 |
||
| 856 | _uhttp://10.250.8.41:8080/xmlui/handle/123456789/12891 | ||
| 942 |
_2ddc _cTHE |
||
| 999 |
_c524621 _d524621 |
||